Retail park boom expected (Record no. 69283)
[ view plain ]
| 000 -LEADER | |
|---|---|
| fixed length control field | 00830cam a2200181 4500 |
| 001 - CONTROL NUMBER | |
| control field | WB3802-08 |
| 008 - FIXED-LENGTH DATA ELEMENTS--GENERAL INFORMATION | |
| fixed length control field | 020115n2002 000 0 eng u |
| 035 ## - SYSTEM CONTROL NUMBER | |
| System control number | (Sirsi) u116305 |
| 245 ## - TITLE STATEMENT | |
| Title | Retail park boom expected |
| 260 ## - PUBLICATION, DISTRIBUTION, ETC. | |
| Date of publication, distribution, etc. | 2002 |
| 490 ## - SERIES STATEMENT | |
| Series statement | Retail Week |
| Volume/sequential designation | 11January 2001, 1(1) |
| 520 ## - SUMMARY, ETC. | |
| Summary, etc. | Research house Verdict expects out-of town retailing to grow at twice the rate of the rest of the market over the next five years. It compares 32.2 with 13.2 per cent growth by 2007. Reasons cited include the sharp increase in the number of retail 'sheds'. However, space restrictions, due to tighter planning rules, threaten to force up rents on these sites which could hit the margins expected. |
| 590 ## - LOCAL NOTE (RLIN) | |
| Local note | WB |
| 650 ## - SUBJECT ADDED ENTRY--TOPICAL TERM | |
| Topical term or geographic name entry element | RETAIL PARKS |
| 650 ## - SUBJECT ADDED ENTRY--TOPICAL TERM | |
| Topical term or geographic name entry element | SUPERSTORES |
| 690 ## - LOCAL SUBJECT ADDED ENTRY--TOPICAL TERM (OCLC, RLIN) | |
| Topical term or geographic name as entry element | PROPERTY-COMMERCIAL PROPERTY |
| 942 ## - ADDED ENTRY ELEMENTS (KOHA) | |
| Suppress in OPAC | 0 |
| Withdrawn status | Lost status | Source of classification or shelving scheme | Damaged status | Not for loan | Home library | Current library | Shelving location | Date acquired | Total Checkouts | Full call number | Barcode | Date last seen | Copy number | Price effective from | Koha item type |
|---|---|---|---|---|---|---|---|---|---|---|---|---|---|---|---|
| Dewey Decimal Classification | London | London | News article | 15/01/2002 | WB3802-08 | 116305-1001 | 06/08/2019 | 1 | 06/08/2019 | News article |